000 00613nam a22001937a 4500
005 20250714120249.0
010 _aENG-145929
020 _a9788195441945
_c1100.00
035 _aEN-129461
037 _bDBAD
082 _a954.01
_21
100 _aMukherjee, Sabyasachi
_982946
245 _aThe Lost Stupa of Kahu-Jo-Daro:
_cSabyasachi Mukherjee
_bAn Attempt at Reconstruction/
250 _a1
260 _aMumbai
_bChhatrapati Shivaji Maharaj Vastu Sangrahalaya
_c2022
270 _a159-161, M.G. Road, Fort
_bMumbai
_e400023
300 _a94p.
_c24cm(hb)
942 _2ddc
_cEN
_h954.01
_mMUK
999 _c212350
_d212350